[Event "SB-2015-0-00429"]
[Site "LSS email"]
[Date "2015.11.08"]
[Round "?"]
[White "Knoeppel, Bjoern"]
[Black "Muller, Henri Louis"]
[Result "1/2-1/2"]
[WhiteElo "1925"]
[BlackElo "2029"]
[PlyCount "113"]
[EventDate "2015.10.05"]
[EventType "tourn (corr)"]
[EventRounds "6"]
[EventCountry "GER"]
[SourceTitle "Corr 2022"]
[Source "ChessBase"]
[SourceDate "2021.10.24"]
[SourceVersion "1"]
[SourceVersionDate "2021.10.24"]
[SourceQuality "1"]

1. Nc3 c5 2. d4 cxd4 3. Qxd4 Nc6 4. Qh4 d5 5. e4 d4 6. Nd5 Nf6 7. Bc4 Be6 8. Nxf6+ exf6 9. Bxe6 Bb4+ 10. Kf1 fxe6 11. Qh5+ g6 12. Qb5 Qd7 13. h4 Rc8 14. Rh3 Be7 15. Bd2 0-0 16. Nf3 Rfd8 17. Qd3 e5 18. a3 Rc7 19. Rc1 Rdc8 20. Qb3+ Kg7 21. h5 g5 22. h6+ Kh8 23. Qf7 Rg8 24. Ne1 Nd8 25. Qb3 Qc6 26. f3 Ne6 27. Nd3 Rgc8 28. Ke2 Qd7 29. g4 Rc4 30. Rh2 Kg8 31. Kf2 Kf7 32. Kg3 a6 33. Be1 Nf4 34. Rd1 Qe6 35. c3 b5 36. Qa2 Ng6 37. Nb4 Bxb4 38. axb4 Rd8 39. Rf2 Nf4 40. Rc2 Kg6 41. Rh2 Rd6 42. Qb3 Qd7 43. Qc2 d3 44. Qf2 Ne2+ 45. Kh3 Rc7 46. Bd2 Qe6 47. Be3 Kxh6 48. Qh4+ Kg7 49. Qh5 Kg8 50. Kg2 Rf7 51. Kf2 Qa2 52. Rd2 Nc1 53. Bxg5 Nb3 54. Rd1 Qxb2+ 55. Kg3 Qxc3 56. Rdh1 Qc6 57. Qxf7+ 1/2-1/2

[Event "SB-2015-0-00422"]
[Site "LSS email"]
[Date "2015.09.05"]
[Round "?"]
[White "Bukharin, Alexey"]
[Black "Muller, Henri Louis"]
[Result "1-0"]
[WhiteElo "1984"]
[BlackElo "2028"]
[PlyCount "97"]
[EventDate "2015.07.23"]
[EventType "tourn (corr)"]
[EventRounds "6"]
[EventCountry "GER"]
[SourceTitle "Corr 2022"]
[Source "ChessBase"]
[SourceDate "2021.10.24"]
[SourceVersion "1"]
[SourceVersionDate "2021.10.24"]
[SourceQuality "1"]

1. e4 c5 2. f4 e6 3. Nf3 d5 4. Bb5+ Bd7 5. Bxd7+ Nxd7 6. d3 Bd6 7. 0-0 Ne7 8. c4 0-0 9. Nc3 d4 10. Ne2 e5 11. f5 h6 12. Qe1 Nc6 13. Qg3 Kh7 14. Qh3 Be7 15. g4 Nb4 16. g5 Nxd3 17. Bd2 Nxb2 18. Rac1 Rc8 19. Rc2 Na4 20. f6 Nxf6 21. gxf6 Bxf6 22. Ng3 d3 23. Rcc1 Rc6 24. Nf5 Rh8 25. Kh1 Kg8 26. Qg3 Qe8 27. Ne1 Re6 28. Nxd3 Rh7 29. Rf3 Kh8 30. Rg1 Nb6 31. Nxc5 Rc6 32. Ne3 Bg5 33. Nxb7 Nd7 34. Bc3 Rb6 35. c5 Rxb7 36. c6 Rc7 37. cxd7 Rxd7 38. Bxe5 f6 39. Bc3 Bxe3 40. Rxe3 h5 41. Qg2 Qa8 42. Rg3 Qc6 43. Bb2 Kg8 44. Rc3 Qa8 45. Rgc1 Rd8 46. Rc7 Re8 47. R1c6 Qd8 48. Qc2 Rh6 49. Rc8 1-0

[Event "SB-2015-0-00422"]
[Site "LSS email"]
[Date "2015.09.05"]
[Round "?"]
[White "Muller, Henri Louis"]
[Black "Luers, Lavas"]
[Result "1/2-1/2"]
[WhiteElo "2028"]
[BlackElo "2041"]
[PlyCount "140"]
[EventDate "2015.07.23"]
[EventType "tourn (corr)"]
[EventRounds "6"]
[EventCountry "GER"]
[SourceTitle "Corr 2022"]
[Source "ChessBase"]
[SourceDate "2021.10.24"]
[SourceVersion "1"]
[SourceVersionDate "2021.10.24"]
[SourceQuality "1"]

1. e4 e5 2. Nf3 Nc6 3. Bb5 Nf6 4. 0-0 Nxe4 5. d4 Nd6 6. Bxc6 dxc6 7. dxe5 Nf5 8. Qxd8+ Kxd8 9. Nc3 h6 10. h3 Be6 11. g4 Ne7 12. Nd4 Bd7 13. f4 Nd5 14. Nxd5 cxd5 15. f5 c5 16. Nf3 g5 17. c3 b6 18. Kf2 Kc7 19. Be3 a5 20. Rh1 Be7 21. Rad1 Kc6 22. h4 gxh4 23. Nxh4 Bxh4+ 24. Rxh4 h5 25. Rdh1 Rhg8 26. a4 hxg4 27. Rh6+ Kb7 28. Rf6 g3+ 29. Kg1 Rg7 30. Bh6 Rh7 31. e6 fxe6 32. Bf4 Rxh1+ 33. Kxh1 exf5 34. Rf7 Rd8 35. Kg2 d4 36. cxd4 cxd4 37. Kxg3 Kc6 38. Kf2 Be6 39. Rc7+ Kd5 40. Rc1 Bd7 41. Re1 Bxa4 42. Bc7 Rh8 43. Bxb6 Rh2+ 44. Kg3 Rxb2 45. Bxa5 Bc2 46. Re2 Rb3+ 47. Kf4 Be4 48. Rf2 Rb7 49. Kg5 Rd7 50. Bd2 Ke6 51. Kh4 Rg7 52. Bg5 d3 53. Ra2 Kd5 54. Rf2 Kd4 55. Bd2 Kc4 56. Be3 Rg4+ 57. Kh3 Kb3 58. Bc1 Rg1 59. Be3 Rg8 60. Kh2 Kc3 61. Kh3 Rd8 62. Bd2+ Kd4 63. Kg3 Rc8 64. Bf4 Rc2 65. Bg5 Rxf2 66. Kxf2 Kc3 67. Ke1 Kc2 68. Bf4 d2+ 69. Bxd2 f4 70. Bxf4 Kd3 1/2-1/2

[Event "SA-2015-0-00484"]
[Site "LSS email"]
[Date "2015.08.17"]
[Round "?"]
[White "Corti, Horacio"]
[Black "Muller, Henri Louis"]
[Result "1-0"]
[WhiteElo "2312"]
[BlackElo "2028"]
[PlyCount "91"]
[EventDate "2015.07.28"]
[EventType "tourn (corr)"]
[EventRounds "6"]
[EventCountry "GER"]
[SourceTitle "Corr 2022"]
[Source "ChessBase"]
[SourceDate "2021.10.24"]
[SourceVersion "1"]
[SourceVersionDate "2021.10.24"]
[SourceQuality "1"]

1. e4 c5 2. Nf3 d6 3. d4 cxd4 4. Nxd4 Nf6 5. Nc3 a6 6. g3 e5 7. Nde2 Be7 8. Bg2 0-0 9. 0-0 Be6 10. h3 Nbd7 11. a4 Qc7 12. g4 Rfc8 13. Be3 h6 14. Qd2 Nb6 15. b3 Nbd7 16. a5 Rab8 17. Rfc1 Nf8 18. Nd5 Bxd5 19. exd5 Ng6 20. c4 Nh4 21. Ng3 Qd7 22. Qd3 Rd8 23. b4 Rbc8 24. Rab1 Re8 25. Bh1 h5 26. Bg5 Nh7 27. Bxh4 Bxh4 28. Qf5 Qe7 29. gxh5 Bxg3 30. fxg3 Nf6 31. Bg2 Rc7 32. Bf1 Qd8 33. g4 Qe7 34. Be2 Nd7 35. Rc3 Qf6 36. Qxf6 Nxf6 37. Rd1 Kf8 38. h4 Ng8 39. c5 Rd8 40. g5 Ne7 41. Bg4 Nc8 42. Rcc1 Kg8 43. g6 Kf8 44. Rf1 Na7 45. Be6 Nb5 46. Bxf7 1-0

[Event "SA-2015-0-00484"]
[Site "LSS email"]
[Date "2015.08.17"]
[Round "?"]
[White "Muller, Henri Louis"]
[Black "Zielinski, Sergej"]
[Result "1/2-1/2"]
[WhiteElo "2028"]
[BlackElo "2285"]
[PlyCount "141"]
[EventDate "2015.07.28"]
[EventType "tourn (corr)"]
[EventRounds "6"]
[EventCountry "GER"]
[SourceTitle "Corr 2022"]
[Source "ChessBase"]
[SourceDate "2021.10.24"]
[SourceVersion "1"]
[SourceVersionDate "2021.10.24"]
[SourceQuality "1"]

1. e4 e5 2. Nf3 Nc6 3. Bb5 a6 4. Ba4 Nf6 5. 0-0 Be7 6. Re1 b5 7. Bb3 d6 8. c3 0-0 9. h3 Na5 10. Bc2 c5 11. d4 Qc7 12. Nbd2 cxd4 13. cxd4 Nc6 14. Nb3 a5 15. Be3 a4 16. Nbd2 Bd7 17. Rc1 Qb7 18. Qe2 Rfc8 19. Bd3 Rab8 20. a3 exd4 21. Nxd4 Nxd4 22. Bxd4 Rxc1 23. Rxc1 Bc6 24. b4 Nd7 25. Nf3 Nf8 26. Ba1 h6 27. Nd4 Bd7 28. Nf5 Bxf5 29. exf5 Bg5 30. Rc2 Nd7 31. Be4 d5 32. Bd3 Bf6 33. Bxf6 Nxf6 34. Rc5 Ne4 35. Bxe4 dxe4 36. f6 g6 37. Qe3 Qa6 38. Qd4 Qe6 39. Re5 Qc6 40. Rxe4 Rb6 41. Qe3 Qxf6 42. Qxh6 Qd8 43. Qe3 Kg7 44. Rd4 Qf6 45. Rf4 Qa1+ 46. Kh2 Rf6 47. Rh4 Re6 48. Qh6+ Kg8 49. Qd2 Qe5+ 50. g3 Kg7 51. Qh6+ Kg8 52. Qc1 Kg7 53. Qc8 Re8 54. Qd7 Re7 55. Qd3 Re6 56. Qd2 Rd6 57. Qh6+ Kg8 58. Qc1 Rd8 59. Rf4 Kf8 60. Rf3 Kg7 61. Qc2 Rd7 62. Re3 Qa1 63. Rd3 Re7 64. Qc3+ Qxc3 65. Rxc3 g5 66. Rc5 Kg6 67. Kg2 Re1 68. Kf3 Ra1 69. Rc3 Re1 70. Re3 Rf1 71. Rd3 1/2-1/2

[Event "ZI-2015-0-02012"]
[Site "LSS email"]
[Date "2015.08.04"]
[Round "?"]
[White "Mander, Tom"]
[Black "Muller, Henri Louis"]
[Result "1/2-1/2"]
[WhiteElo "1725"]
[BlackElo "2028"]
[PlyCount "63"]
[EventDate "2015.07.29"]
[EventType "match (corr)"]
[EventRounds "2"]
[EventCountry "GER"]
[SourceTitle "Corr 2022"]
[Source "ChessBase"]
[SourceDate "2021.10.24"]
[SourceVersion "1"]
[SourceVersionDate "2021.10.24"]
[SourceQuality "1"]

1. e4 c5 2. Nf3 d6 3. d4 cxd4 4. Nxd4 Nf6 5. Nc3 a6 6. Bc4 e6 7. 0-0 b5 8. Bd3 Be7 9. b4 Bb7 10. a4 Qc7 11. Bd2 bxa4 12. Qe2 0-0 13. Nxa4 Nbd7 14. f4 Rfe8 15. Nf3 d5 16. e5 Ne4 17. Rfc1 a5 18. c3 Rec8 19. Be3 axb4 20. cxb4 Qd8 21. Rxc8 Rxc8 22. Qb2 h6 23. Nd4 Nb6 24. Nxb6 Qxb6 25. Nf5 Qxb4 26. Nxe7+ Qxe7 27. Ra7 Rc7 28. Qb6 Qd7 29. h3 Qe7 30. Kh1 g6 31. Ba6 Qh4 32. Qxc7 1/2-1/2

[Event "ZI-2015-0-02010"]
[Site "LSS email"]
[Date "2015.08.02"]
[Round "?"]
[White "Kudr, Roman"]
[Black "Muller, Henri Louis"]
[Result "1/2-1/2"]
[WhiteElo "2159"]
[BlackElo "2028"]
[PlyCount "92"]
[EventDate "2015.07.22"]
[EventType "match (corr)"]
[EventRounds "2"]
[EventCountry "GER"]
[SourceTitle "Corr 2022"]
[Source "ChessBase"]
[SourceDate "2021.10.24"]
[SourceVersion "1"]
[SourceVersionDate "2021.10.24"]
[SourceQuality "1"]

1. d4 Nf6 2. c4 e6 3. Nf3 d5 4. g3 dxc4 5. Bg2 Nc6 6. 0-0 a6 7. e3 Bd7 8. Qe2 b5 9. b3 cxb3 10. axb3 Be7 11. Bb2 0-0 12. Rc1 Nb4 13. Ne5 Nfd5 14. Na3 Be8 15. Nc2 Nxc2 16. Qxc2 Ra7 17. Nd3 a5 18. Nc5 h6 19. Qd2 Qb8 20. Rxa5 Rxa5 21. Qxa5 Qb6 22. Qxb6 cxb6 23. Na6 Bd7 24. Bxd5 exd5 25. Nc7 Be6 26. Rc6 Rb8 27. e4 dxe4 28. Nxe6 fxe6 29. Rxe6 Bf6 30. Rxe4 Ra8 31. Kg2 Ra2 32. Bc1 Kf7 33. d5 Ra1 34. Be3 Rd1 35. Re6 Rxd5 36. Rxb6 Bc3 37. Kf3 b4 38. Ke4 Rd1 39. Bc5 g6 40. Ke3 Rb1 41. Bxb4 Rxb3 42. Bc5 Rxb6 43. Bxb6 Ke6 44. Ke4 h5 45. Bd4 Bb4 46. h3 Be7 1/2-1/2

[Event "WC-2012-F-00004"]
[Site "LSS email"]
[Date "2012.07.17"]
[Round "?"]
[White "Gasanov, Engels G"]
[Black "Muller, Henri Louis"]
[Result "1-0"]
[WhiteElo "2138"]
[BlackElo "1986"]
[PlyCount "87"]
[EventDate "2012.07.23"]
[EventType "tourn (corr)"]
[EventRounds "10"]
[EventCountry "GER"]
[SourceTitle "Telechess CBM 161"]
[Source "ChessBase"]
[SourceDate "2014.07.16"]
[SourceVersion "1"]
[SourceVersionDate "2014.07.16"]
[SourceQuality "1"]

1. e4 c5 2. Nf3 d6 3. d4 cxd4 4. Nxd4 Nf6 5. Nc3 a6 6. Be3 e5 7. Nb3 Be6 8. f3 Be7 9. Qd2 0-0 10. 0-0-0 Nbd7 11. g4 Qc7 12. Kb1 Rfc8 13. Qf2 b5 14. g5 Nh5 15. h4 b4 16. Nd5 Bxd5 17. Rxd5 a5 18. Bh3 a4 19. Nc1 Rcb8 20. Bg4 g6 21. Bxh5 gxh5 22. Nd3 f5 23. Rc1 Qb7 24. Qe2 Rc8 25. Bd2 b3 26. cxb3 axb3 27. a3 Rab8 28. Nb4 Rxc1+ 29. Bxc1 f4 30. Rd1 Rc8 31. Bd2 Kf8 32. Bc3 Nc5 33. Qg2 Kf7 34. Nd5 Ne6 35. Qh3 Ng7 36. Rg1 Qa7 37. Qg2 Kg6 38. Rc1 Bf8 39. Qf1 Qb7 40. a4 Ne6 41. a5 Rc5 42. Nb6 Kg7 43. Qh3 Be7 44. Qxe6 1-0

[Event "WC-2012-F-00004"]
[Site "LSS email"]
[Date "2012.07.17"]
[Round "?"]
[White "Muller, Henri Louis"]
[Black "Jordan, Juergen"]
[Result "1/2-1/2"]
[WhiteElo "1986"]
[BlackElo "2127"]
[PlyCount "80"]
[EventDate "2012.07.23"]
[EventType "tourn (corr)"]
[EventRounds "10"]
[EventCountry "GER"]
[SourceTitle "Telechess CBM 161"]
[Source "ChessBase"]
[SourceDate "2014.07.16"]
[SourceVersion "1"]
[SourceVersionDate "2014.07.16"]
[SourceQuality "1"]

1. e4 c5 2. Nf3 e6 3. d4 cxd4 4. Nxd4 Nc6 5. Nc3 Qc7 6. Be2 a6 7. 0-0 Nf6 8. Be3 Bb4 9. Na4 Be7 10. Nxc6 bxc6 11. Nb6 Rb8 12. Nxc8 Qxc8 13. Bd4 Qc7 14. e5 Nd5 15. b3 a5 16. c4 Nf4 17. Bf3 Ng6 18. Re1 0-0 19. g3 c5 20. Bc3 f6 21. exf6 Bxf6 22. Bxf6 gxf6 23. Bg2 Rf7 24. Qd2 Ne7 25. Be4 f5 26. Bg2 f4 27. Be4 Rbf8 28. Rad1 Nc6 29. Qd6 Qxd6 30. Rxd6 fxg3 31. fxg3 Nd4 32. Ra6 a4 33. Rxa4 Rf2 34. Ra5 d6 35. Ra7 h5 36. a4 h4 37. gxh4 R8f4 38. Bg2 Rb2 39. h3 Ne2+ 40. Kh2 Rxh4 1/2-1/2

[Event "WC-2012-F-00004"]
[Site "LSS email"]
[Date "2012.07.17"]
[Round "?"]
[White "Muller, Henri Louis"]
[Black "Salzmann, Stefan"]
[Result "1/2-1/2"]
[WhiteElo "1986"]
[BlackElo "2085"]
[PlyCount "42"]
[EventDate "2012.07.23"]
[EventType "tourn (corr)"]
[EventRounds "10"]
[EventCountry "GER"]
[SourceTitle "Telechess CBM 161"]
[Source "ChessBase"]
[SourceDate "2014.07.16"]
[SourceVersion "1"]
[SourceVersionDate "2014.07.16"]
[SourceQuality "1"]

1. e4 e5 2. Nf3 Nc6 3. Bb5 Nf6 4. 0-0 Nxe4 5. d4 Nd6 6. Bxc6 dxc6 7. dxe5 Nf5 8. Qxd8+ Kxd8 9. Nc3 Bd7 10. Rd1 Kc8 11. Ng5 Be8 12. b3 b6 13. Bb2 Be7 14. Nge4 Kb7 15. Rd3 Rd8 16. Rad1 Rxd3 17. Rxd3 Kc8 18. f3 Bd7 19. Ne2 c5 20. Nf4 Bc6 21. Nd5 Bxd5 1/2-1/2

[Event "WC-2012-F-00004"]
[Site "LSS email"]
[Date "2012.07.17"]
[Round "?"]
[White "Muller, Henri Louis"]
[Black "Wittal, Werner"]
[Result "1/2-1/2"]
[WhiteElo "1986"]
[BlackElo "1962"]
[PlyCount "50"]
[EventDate "2012.07.23"]
[EventType "tourn (corr)"]
[EventRounds "10"]
[EventCountry "GER"]
[SourceTitle "Telechess CBM 161"]
[Source "ChessBase"]
[SourceDate "2014.07.16"]
[SourceVersion "1"]
[SourceVersionDate "2014.07.16"]
[SourceQuality "1"]

1. e4 e5 2. Nf3 Nc6 3. Bb5 a6 4. Ba4 Nf6 5. 0-0 Be7 6. Re1 b5 7. Bb3 d6 8. c3 0-0 9. h3 Na5 10. Bc2 c5 11. d4 Nd7 12. Nbd2 exd4 13. cxd4 Nc6 14. Nf1 cxd4 15. Nxd4 Nxd4 16. Qxd4 Ne5 17. Qd1 Bf6 18. Ne3 Be6 19. a4 Qa5 20. Nd5 Bxd5 21. Bd2 Qb6 22. Be3 Qc7 23. exd5 g6 24. Bh6 Rfc8 25. Rc1 Qb7 1/2-1/2

[Event "BI-2012-P-00033"]
[Site "LSS email"]
[Date "2012.04.20"]
[Round "?"]
[White "Muller, Henri Louis"]
[Black "Chukanov, Igor Anatolievich"]
[Result "1/2-1/2"]
[WhiteElo "2020"]
[BlackElo "2233"]
[PlyCount "158"]
[EventDate "2012.04.22"]
[EventType "tourn (corr)"]
[EventRounds "10"]
[EventCountry "GER"]
[SourceTitle "Telechess CBM 165"]
[Source "ChessBase"]
[SourceDate "2015.03.11"]
[SourceVersion "1"]
[SourceVersionDate "2015.03.11"]
[SourceQuality "1"]
[WhiteTeam "Canada"]
[WhiteTeamCountry "CAN"]

1. e4 c6 2. d4 d5 3. Nc3 dxe4 4. Nxe4 Bf5 5. Ng3 Bg6 6. h4 h6 7. Nf3 Nd7 8. h5 Bh7 9. Bd3 Bxd3 10. Qxd3 e6 11. Bf4 Qa5+ 12. Bd2 Bb4 13. c3 Be7 14. c4 Qc7 15. d5 cxd5 16. cxd5 Qd6 17. Qb3 Ngf6 18. dxe6 Qxe6+ 19. Qxe6 fxe6 20. Rc1 0-0 21. Rh4 Nd5 22. Rhc4 N7f6 23. Ke2 Rad8 24. Ra4 a6 25. Rh4 Rc8 26. Rhc4 Rxc4 27. Rxc4 Re8 28. a3 e5 29. Be3 Bf8 30. b4 a5 31. bxa5 Bxa3 32. Bd2 b5 33. axb6 Nxb6 34. Rc3 Bb4 35. Rb3 Bxd2 36. Kxd2 Nbd5 37. Rb7 Rd8 38. Nxe5 Nf4+ 39. Ke3 Nxg2+ 40. Kf3 Nh4+ 41. Ke2 Kh7 42. Rb5 Ng2 43. Kf3 Ne1+ 44. Ke2 Nc2 45. Ra5 Nd4+ 46. Ke3 Ne6 47. Nd3 Ng5 48. Ke2 Rd7 49. Nf4 Rd4 50. Ke3 Rb4 51. Nd3 Ng4+ 52. Ke2 Rb8 53. Ra7 Rb5 54. Ra4 Nf6 55. Nf4 Re5+ 56. Kd3 Re8 57. Ra7 Ng4 58. Nf5 Ne5+ 59. Kc2 Rf8 60. Rxg7+ Kh8 61. Ng6+ Nxg6 62. Rxg6 Rxf5 63. Rxh6+ Nh7 64. Re6 Rxf2+ 65. Kd3 Rf5 66. h6 Ng5 67. Ra6 Kh7 68. Ke3 Nf7 69. Ke4 Rf1 70. Ke3 Nxh6 71. Ke4 Kg7 72. Ra7+ Rf7 73. Rxf7+ Nxf7 74. Kf5 Nh6+ 75. Kg5 Nf7+ 76. Kf5 Nh6+ 77. Ke6 Nf7 78. Ke7 Nh6 79. Ke6 Nf7 1/2-1/2

[Event "BI-2012-P-00033"]
[Site "LSS email"]
[Date "2012.04.20"]
[Round "?"]
[White "Von der Heydt, Hans Joachim"]
[Black "Muller, Henri Louis"]
[Result "1-0"]
[WhiteElo "2043"]
[BlackElo "2020"]
[PlyCount "105"]
[EventDate "2012.04.22"]
[EventType "tourn (corr)"]
[EventRounds "10"]
[EventCountry "GER"]
[SourceTitle "Telechess CBM 165"]
[Source "ChessBase"]
[SourceDate "2015.03.11"]
[SourceVersion "1"]
[SourceVersionDate "2015.03.11"]
[SourceQuality "1"]
[BlackTeam "Canada"]
[BlackTeamCountry "CAN"]

1. e4 c5 2. Nf3 d6 3. d4 cxd4 4. Nxd4 Nf6 5. Nc3 a6 6. Be3 e5 7. Nb3 Be6 8. f3 Be7 9. Qd2 0-0 10. 0-0-0 Nbd7 11. g4 b5 12. g5 b4 13. Ne2 Ne8 14. f4 a5 15. f5 a4 16. Nbd4 exd4 17. Nxd4 b3 18. Kb1 bxc2+ 19. Nxc2 Nc7 20. fxe6 Nxe6 21. h4 Ne5 22. Nb4 Rb8 23. Nd5 Qd7 24. Nxe7+ Qxe7 25. Qxd6 Qxd6 26. Rxd6 Rb4 27. Ba6 Rxe4 28. Bf2 Ng4 29. Bg3 Nc5 30. Re1 f5 31. gxf6 Nxf6 32. Rxe4 Nfxe4 33. Bc4+ Kh8 34. Rd5 Nxg3 35. Rxc5 g6 36. Bb5 Rf4 37. Rc4 Ne4 38. Rxa4 Rxh4 39. Rd4 Rh1+ 40. Kc2 Rh2+ 41. Kc1 Rh1+ 42. Rd1 Rh5 43. a4 Rc5+ 44. Kb1 h5 45. b4 Rc7 46. Kb2 Nc3 47. Rd8+ Kg7 48. Rd7+ Rxd7 49. Bxd7 Nd5 50. Kb3 g5 51. Bc6 Ne7 52. b5 h4 53. Bh1 1-0

[Event "BI-2011-F-00010"]
[Site "LSS email"]
[Date "2012.02.12"]
[Round "?"]
[White "Muller, Henri Louis"]
[Black "Kushnaryov, Andrey"]
[Result "1/2-1/2"]
[WhiteElo "1995"]
[BlackElo "2022"]
[PlyCount "44"]
[EventDate "2012.02.15"]
[EventType "tourn (corr)"]
[EventRounds "10"]
[EventCountry "GER"]
[SourceTitle "Telechess CBM 165"]
[Source "ChessBase"]
[SourceDate "2015.03.11"]
[SourceVersion "1"]
[SourceVersionDate "2015.03.11"]
[SourceQuality "1"]
[WhiteTeam "Canada"]
[WhiteTeamCountry "CAN"]

1. e4 c6 2. d4 d5 3. Nc3 dxe4 4. Nxe4 Bf5 5. Ng3 Bg6 6. h4 h6 7. Nf3 Nd7 8. h5 Bh7 9. Bd3 Bxd3 10. Qxd3 e6 11. Bf4 Qa5+ 12. Bd2 Bb4 13. c3 Be7 14. c4 Qc7 15. d5 cxd5 16. cxd5 Qd6 17. Qb3 Ngf6 18. dxe6 Qxe6+ 19. Qe3 Qxe3+ 20. Bxe3 Bc5 21. Nf5 0-0 22. Rc1 b6 1/2-1/2

[Event "BI-2011-F-00010"]
[Site "LSS email"]
[Date "2012.02.12"]
[Round "?"]
[White "Muller, Henri Louis"]
[Black "Weiss, Lester P"]
[Result "1/2-1/2"]
[WhiteElo "1995"]
[BlackElo "1928"]
[PlyCount "80"]
[EventDate "2012.02.15"]
[EventType "tourn (corr)"]
[EventRounds "10"]
[EventCountry "GER"]
[SourceTitle "Telechess CBM 165"]
[Source "ChessBase"]
[SourceDate "2015.03.11"]
[SourceVersion "1"]
[SourceVersionDate "2015.03.11"]
[SourceQuality "1"]
[WhiteTeam "Canada"]
[WhiteTeamCountry "CAN"]

1. e4 e5 2. Nf3 Nf6 3. Nxe5 d6 4. Nf3 Nxe4 5. d4 d5 6. Bd3 Nc6 7. 0-0 Be7 8. c4 Nb4 9. Be2 0-0 10. Nc3 Bf5 11. a3 Nxc3 12. bxc3 Nc6 13. Re1 Re8 14. cxd5 Qxd5 15. Bf4 Rac8 16. h3 h6 17. Bd3 Qd7 18. Rb1 b6 19. Bxf5 Qxf5 20. Bh2 Na5 21. Qa4 Bf8 22. Bg3 Rxe1+ 23. Rxe1 c5 24. Qb5 Rd8 25. a4 Qd7 26. Rd1 f6 27. h4 Qxb5 28. axb5 Rd5 29. Bb8 cxd4 30. Nxd4 Nb3 31. Kf1 Nxd4 32. cxd4 Kf7 33. Ra1 h5 34. Rxa7+ Ke6 35. Ra6 Rxb5 36. Bc7 Kd5 37. Rxb6 Rb4 38. Rxb4 Bxb4 39. Bb6 Bc3 40. Ke2 Bxd4 1/2-1/2

[Event "FICGS W-ch st1 g08 email"]
[Site "FICGS email"]
[Date "2012.01.01"]
[Round "1"]
[White "Muller, Henri Louis"]
[Black "Wosch, Arkadiusz Janusz"]
[Result "1/2-1/2"]
[WhiteElo "1972"]
[BlackElo "2095"]
[PlyCount "60"]
[EventDate "2012.??.??"]
[EventType "tourn (corr)"]
[EventRounds "8"]
[SourceTitle "Corr 2022"]
[Source "ChessBase"]
[SourceDate "2021.10.24"]
[SourceVersion "1"]
[SourceVersionDate "2021.10.24"]
[SourceQuality "1"]

1. e4 c5 2. Nf3 Nc6 3. d4 cxd4 4. Nxd4 Nf6 5. Nc3 d6 6. Bg5 e6 7. Qd2 a6 8. 0-0-0 Bd7 9. f4 b5 10. Bxf6 gxf6 11. Kb1 Qb6 12. Nxc6 Bxc6 13. Qe1 Ra7 14. Bd3 Rg8 15. Rg1 a5 16. f5 a4 17. Qh4 Rg5 18. Rge1 a3 19. fxe6 Qd4 20. exf7+ Kxf7 21. Qh3 Bd7 22. Qe3 Qb4 23. b3 Rc7 24. Nd5 Rxd5 25. exd5 Qc3 26. Qc1 f5 27. Qxa3 Bg7 28. Kc1 Bh6+ 29. Kb1 Bg7 30. Kc1 Bh6+ 1/2-1/2

[Event "CP-2011-P-00019"]
[Site "LSS email"]
[Date "2011.09.30"]
[Round "?"]
[White "Plummer, Martin"]
[Black "Muller, Henri Louis"]
[Result "0-1"]
[WhiteElo "1012"]
[BlackElo "2025"]
[PlyCount "54"]
[EventDate "2011.10.01"]
[EventType "tourn (corr)"]
[EventRounds "6"]
[EventCountry "GER"]
[SourceTitle "Telechess CBM 155"]
[Source "ChessBase"]
[SourceDate "2013.07.16"]
[SourceVersion "1"]
[SourceVersionDate "2013.07.16"]
[SourceQuality "1"]

1. e4 c5 2. Nf3 d6 3. d4 cxd4 4. Nxd4 Nf6 5. Nc3 a6 6. Bd3 e6 7. 0-0 b5 8. Nb3 Bb7 9. f3 Be7 10. Re1 0-0 11. Be3 Nbd7 12. a3 Rc8 13. Rc1 d5 14. exd5 Nxd5 15. Nxd5 Bxd5 16. c3 Bxb3 17. Qxb3 Nc5 18. Bxh7+ Kxh7 19. Qc2+ Qd3 20. Bxc5 Bxc5+ 21. Kh1 Qxc2 22. Rxc2 Rfd8 23. g3 g5 24. Re5 Rd1+ 25. Kg2 Rg1+ 26. Kh3 Kg6 27. Kg4 f5+ 0-1